000 00517nam a2200157Ia 4500
008 231217s9999 xx 000 0 und d
020 _a8178810115
041 _aEnglish
082 _a657 SEE.1;2 R1
100 _aSeethapathi, K. Srinivas, N. Padmavathi, C [et al...]
245 0 _aAccounting standards V.1 : cash flow statements, segments reporting
260 _c2001
_bIcfai
_aHyderabad
300 _avii, 214+A14
650 _aAccounting,standards,V.1,cash,flow,statements,,segments,reporting
942 _cAA
999 _c186913
_d186913